LIBRARY ONLINE CATALOGUE

Pestle and mortar / (Record no. 14549)

MARC details
000 -LEADER
fixed length control field 00506nam a22001812 4500
001 - CONTROL NUMBER
control field 0000009786
005 - DATE AND TIME OF LATEST TRANSACTION
control field 20151217160122.0
008 - FIXED-LENGTH DATA ELEMENTS--GENERAL INFORMATION
fixed length control field 081127s xx 000 0 eng d
040 ## - CATALOGING SOURCE
Original cataloging agency KABU
Transcribing agency KABU
100 1# - MAIN ENTRY--PERSONAL NAME
Personal name Njoroge, James K.
-- 0000161565
245 10 - TITLE STATEMENT
Title Pestle and mortar /
Statement of responsibility, etc. James K. Njoroge.
250 ## - EDITION STATEMENT
Edition statement 1st ed.
260 ## - PUBLICATION, DISTRIBUTION, ETC. (IMPRINT)
Place of publication, distribution, etc. Nairobi :
Name of publisher, distributor, etc. Equatorial Publishers,
Date of publication, distribution, etc. 1969.
300 ## - PHYSICAL DESCRIPTION
Extent 74 p.
852 1# - LOCATION
-- p100 KES
908 ## - PUT COMMAND PARAMETER (RLIN)
Put command parameter 081127
950 ## - LOCAL HOLDINGS (RLIN)
-- 1
Holdings
Withdrawn status Lost status Source of classification or shelving scheme Not for loan Home library Current library Date acquired Total Checkouts Full call number Barcode Date last seen Price effective from Koha item type
    Library of Congress Classification   Kabarak, Main Campus Kabarak, Main Campus 17/12/2015   DT434 .E24N46 c. 1 15641 17/12/2015 17/12/2015 Children Collection